000
00228nam a2200109Ia 4500
100
_a
Slides
942
_c
BK
654
_a
bolts
245
_a
Slide Chart F2:Bolts and screws
260
_b
Slide o chart
_a
Pune
546
_a
ENGLISH
999
_c
23079
_d
23079